000 00941nam a22002177a 4500
999 _c17993
_d17993
003 BDDh-ASL
005 20231015025652.0
008 200916b0000 ||||| |||| 00| 0 d
040 _aBDDh-ASL
_cBDDh-ASL
_dBDDh-ASL
041 _abengali
082 _a297.09
_bBHA
100 _9831
_aএলেন, ড্যুয়িট ডাবলিউ
245 _aবাহা'উল্লাহর জ্যোতি/
_cইমান উদ্দিন (অনু.)।
246 _aBahaullahar Jotti
260 _aঢাকা:
_bনাগরিক আধ্যাত্মিক সমাবেশ,
300 _a২০০ পৃষ্ঠা:
_c২২ সে. মি.।
504 _aগ্রন্থপঞ্জি সংযুক্ত।
650 0 _9832
_aইসলামিক সমাজ ব্যবস্থা
_xবাহা'ই ইতিহাস
700 0 _9830
_aউদ্দীন, ইমান
942 _2ddc
_cBK